Softwarová podpora logistických procesů v Systéme 21

Zvyšovanie požiadaviek na kvalitu riadenia podporuje softwarový informačný systém - Systém 21. Základná štruktúra systému. Zaistenie dodávateľského procesu predajnými modulmi Systému 21. Výrobné moduly pre definíciu dátovej základne. Moduly mimo výkonu zaisťujúce prevádzku celého informačného systém...

ver descrição completa

Na minha lista:
Detalhes bibliográficos
Autor principal: Palát, M.
Formato: Capítulo de Livro
Idioma:tcheco
Assuntos:
Tags: Adicionar Tag
Sem tags, seja o primeiro a adicionar uma tag!

MARC

LEADER 00000naa a2200000 4500
001 r020971
005 20230922085856.1
041 0 |a cze 
044 |a CZ 
245 1 0 |a Softwarová podpora logistických procesů v Systéme 21  |c M. Palát 
520 |a Zvyšovanie požiadaviek na kvalitu riadenia podporuje softwarový informačný systém - Systém 21. Základná štruktúra systému. Zaistenie dodávateľského procesu predajnými modulmi Systému 21. Výrobné moduly pre definíciu dátovej základne. Moduly mimo výkonu zaisťujúce prevádzku celého informačného systému. Derivované verzie informačného systému pre distribúciu v potravinárskom a nápojovom priemysle. 
610 2 0 |a softvér 
610 2 0 |a logistika 
610 2 0 |a Systém 21 
610 2 0 |a systémy informačné 
610 2 0 |a potravinárstvo 
610 2 0 |a distribúcia 
610 2 0 |a moduly 
100 1 |a Palát, M.